Detalles MARC
| 000 -LEADER |
| campo de control de longitud fija |
03888nam a22003377a 4500 |
| 001 - NÚMERO DE CONTROL |
| campo de control |
TIGAL 0001 |
| 003 - IDENTIFICADOR DE NÚMERO DE CONTROL |
| campo de control |
gtcocun |
| 005 - FECHA Y HORA DE LA ÚLTIMA TRANSACCIÓN |
| campo de control |
20250923174737.0 |
| 006 - CÓDIGOS DE INFORMACIÓN DE LONGITUD FIJA--CARACTERÍSTICAS DEL MATERIAL ADICIONAL |
| campo de control de longitud fija |
a||||gr|||| 00| 0 |
| 007 - CAMPO FIJO DE DESCRIPCIÓN FÍSICA--INFORMACIÓN GENERAL |
| campo de control de longitud fija |
ta |
| 008 - DATOS DE LONGITUD FIJA--INFORMACIÓN GENERAL |
| campo de control de longitud fija |
250923b2015 gt ||||| m||| 00| 0 eng d |
| 040 ## - FUENTE DE CATALOGACIÓN |
| Centro catalogador/agencia de origen |
gtcocun |
| Lengua de catalogación |
SPA |
| Centro/agencia transcriptor |
gtcocun |
| Normas de descripción |
RDA |
| 041 ## - CÓDIGO DE IDIOMA |
| Código de lengua del texto/banda sonora o título independiente |
SPA TIGAL 0001 |
| 084 ## - OTRO NÚMERO DE CLASIFICACIÓN |
| Número de control del registro de autoridad o número normalizado |
TIGAL 0001 |
| 100 ## - ENTRADA PRINCIPAL--NOMBRE DE PERSONA |
| Nombre de persona |
Meléndez Chinchilla, Joel Aníbal |
| Término indicativo de función/relación |
Autor |
| 245 ## - MENCIÓN DEL TÍTULO |
| Título |
CARACTERIZACIÓN DE LAS DESCARGAS MUNICIPALES DEL ALCANTARILLADO PÚBLICO EN LA CABECERA MUNICIPAL DE SAN PEDRO CARCHÁ, ALTA VERAPAZ/ |
| Mención de responsabilidad, etc. |
Joel Aníbal Meléndez Chinchilla. |
| Medio |
Impreso |
| 264 ## - PRODUCCIÓN, PUBLICACIÓN, DISTRIBUCIÓN, FABRICACIÓN Y COPYRIGHT |
| Producción, publicación, distribución, fabricación y copyright |
Cobán, Alta Verapaz: |
| Nombre del de productor, editor, distribuidor, fabricante |
Universidad de San Carlos de Guatemala, Centro Universitario del Norte, Carrera de Ingeniería en Gestión Ambiental Local |
| Fecha de producción, publicación, distribución, fabricación o copyright |
2015 |
| 300 ## - DESCRIPCIÓN FÍSICA |
| Extensión |
158 p.: |
| Otras características físicas |
Ilustraciones, gráficas. |
| Dimensiones |
28 cm; |
| 300 ## - DESCRIPCIÓN FÍSICA |
| Dimensiones |
PDF |
| 336 ## - TIPO DE CONTENIDO |
| Fuente |
rdacontenido |
| Término de tipo de contenido |
Texto |
| Código de tipo de contenido |
txt |
| 337 ## - TIPO DE MEDIO |
| Fuente |
rdamedio |
| Nombre/término del tipo de medio |
Computadora |
| Código del tipo de medio |
n |
| 338 ## - TIPO DE SOPORTE |
| Fuente |
rdasoporte |
| Nombre/término del tipo de soporte |
Código en línea |
| Código del tipo de soporte |
cr |
| 502 ## - NOTA DE TESIS |
| identificador de la tesis |
TIGAL 0001 |
| 502 ## - NOTA DE TESIS |
| Nota de tesis |
Tesis de grado |
| Tipo de título |
Carrera de Ingeniería en Gestión Ambiental Local, |
| Nombre de la institución que otorga el título |
Universidad de San Carlos de Guatemala, Centro Universitario del Norte, Carrera de Ingeniería en Gestión Ambiental Local |
| Año de obtención del título |
2015 |
| Identificador de la tesis |
TIGAL 0001 |
| 520 14 - RESUMEN, ETC. |
| Sumario, etc. |
El agua se encuentra en diversas formas en la naturaleza, e<br/>influenciada según el ambiente que le rodea, el cual de manera natural o por<br/>intervención humana puede alterar sus propiedades y hacerla condicionada de<br/>acuerdo al uso.<br/><br/>En el municipio de San Pedro Carcha se encuentra el río Cahabón y los<br/>ríos Chió y Tzimajil, los cuales son utilizados por la población para verter<br/>veintiún drenajes municipales, dos de ellos poseen tratamiento y diecinueve de<br/>ellos no poseen ninguno, los cuales en gran parte crean condiciones<br/>desagradables y alteran la apariencia de los mismos. Por tal razón, se realizó<br/>la caracterización de las descargas del alcantarillado público de la cabecera<br/>municipal de San Pedro Carchá, Alta Verapaz, se tomaron como base los<br/>reglamentos y propuestas de ley, para la descarga de los contaminantes<br/>municipales.<br/><br/>Para determinar la carga contaminante de las aguas residuales, se<br/>recolectaron muestras simples de los veintiún puntos de descarga de las<br/>aguas municipales, así como también de los veintiún drenajes. Seguidamente<br/>se analizaron las muestras para determinar los parámetros físicos, químicos y<br/>microbiológicos. Como resultado del análisis, se determinó que las aguas<br/>residuales provenientes de la red de alcantarillado público de la cabecera<br/>municipal no cumplen con los parámetros legislados; se encontró que la<br/>relación DBO5/DQO en un promedio de las veintiún descargas es de 1.9, lo<br/>que indica que las aguas residuales contienen una cantidad de compuestos<br/>de materia orgánica degradable pudiéndose utilizar sistemas de tratamiento<br/>bilógicos.<br/><br/>Tomando como base esta información, se propuso un tratamiento<br/>desde el punto de vista teórico, que consiste en un proceso de neutralización<br/>de los altos parámetros encontrados en las aguas analizadas como los<br/>coliformes fecales, DBO5, DQO, Fosforo, y Solidos Suspendidos Totales y<br/>como información preliminar que sirva de base para futuras investigaciones, y<br/>que permita realizar acciones iniciales de manejo y control para mitigar dichos<br/>efectos, no sólo en la calidad del agua sino también para la salud de los<br/>habitantes del municipio de San Pedro Carchá, A.V. |
| 650 14 - PUNTO DE ACCESO ADICIONAL DE MATERIA--TÉRMINO DE MATERIA |
| Fuente del encabezamiento o término |
LEMB |
| Término de materia o nombre geográfico como elemento de entrada |
Carchá, Alta Verapaz |
| Subdivisión general |
Ingeniería en Gestión Ambiental Local |
| -- |
Río Cahabón |
| -- |
Drenajes municipales |
| -- |
Contaminantes municipales |
| -- |
Aguas residuales |
| -- |
Materia orgánica |
| 700 ## - ENTRADA AGREGADA--NOMBRE PERSONAL |
| Término indicativo de función/relación |
Asesor |
| 856 ## - LOCALIZACIÓN Y ACCESO ELECTRÓNICOS |
| Identificador Uniforme de Recurso |
<a href="https://drive.google.com/file/d/1TYpRU4_iL2qCqFlkd-N7vhxTSASi75Aj/view">https://drive.google.com/file/d/1TYpRU4_iL2qCqFlkd-N7vhxTSASi75Aj/view</a> |
| Texto de enlace |
PDF |
| Nota pública |
Un ejemplar en línea. |
| 942 ## - ELEMENTOS DE ENTRADA SECUNDARIOS (KOHA) |
| Fuente de la clasificación o esquema de estantería |
Clasificación Decimal Dewey |
| Tipo de ítem Koha |
TESIS |
| Parte de la signatura que identifica el ejemplar (Parte del ítem) |
TIGAL 0001 |
| Prefijo de la signatura |
Clasificación |
| Suprimir en OPAC |
No |
| -- |
TIGAL_0001_000000000000000 |